La estructura en el arte y en la ciencia /
Serie en seis volúmenes publicados entre 1965-1966. Se trata de antologías de textos de artistas, diseñadores, arquitectos y científicos que reflexionaban sobre los nuevos paradigmas en sus campos, tales como la educación, el arte, la ciencia y la comunicación visual, con la intención de vincularlos...
Sparad:
| Huvudupphov: | |
|---|---|
| Övriga upphov: | |
| Materialtyp: | Bok |
| Språk: | spanska |
| Utgiven: |
México :
Novaro,
1970, c1970
|
| Serie: | (La Percepción Visual y el Hombre Contemporáneo. Vision + Value)
|
| Ämnen: | |
| Taggar: |
Inga taggar, Lägg till första taggen!
|
MARC
| LEADER | 00000nam^a2200000^a^4500 | ||
|---|---|---|---|
| 001 | 000189743 | ||
| 005 | 20250521000000.0 | ||
| 009 | 20260310102425.694 | ||
| 037 | |a Acervo ITESO - Biblioteca | ||
| 041 | |a ESP | ||
| 082 | |a 701. |b KEP V. 2 | ||
| 100 | |a Kepes, Gyorgy |e (dirección y compilación) | ||
| 240 | 1 | 4 | |a [La estructura en el arte y en la ciencia] |
| 245 | 1 | 3 | |a La estructura en el arte y en la ciencia / |c Dir. y comp. de G. Kepes ; tr. por A. Bartra. |
| 264 | 4 | |a México : |b Novaro, |c 1970, c1970 | |
| 300 | |a 189 p. | ||
| 336 | |a texto |b txt |2 rdacontenido | ||
| 337 | |a sin mediación |b n |2 rdamedio | ||
| 338 | |a volumen |b nc |2 rdasoporte | ||
| 440 | 4 | |a (La Percepción Visual y el Hombre Contemporáneo. |p Vision + Value) | |
| 500 | |a Traducción de: Structure in Art in Science | ||
| 520 | |a Serie en seis volúmenes publicados entre 1965-1966. Se trata de antologías de textos de artistas, diseñadores, arquitectos y científicos que reflexionaban sobre los nuevos paradigmas en sus campos, tales como la educación, el arte, la ciencia y la comunicación visual, con la intención de vincularlos entre sí a partir de un método educativo visual. Incluye la correspondencia del editor con los participantes, así como sus propias notas sobre cada tema. Se organiza en: 1. Education of Vision (publicado en español como: La educación visual); 2. Structure in Art and in Science (en español: La estructura en el arte y en la ciencia); 3 The Nature and Art of Motion (en español: El movimiento: su esencia y su estética); 4. Module, Proportion, Symmetry, Rhythm; 5. The Man-Made Object; 6. Sign, Image, Symbol. | ||
| 520 | |a En este volumen se estudia el concepto de estructura como principio ordenador en todos los ámbitos del pensamiento creativo y su aplicación práctica. | ||
| 649 | |a XX | ||
| 650 | |a Organización Social | ||
| 650 | |a Estructuras - |x Tema Principal | ||
| 650 | |a Superestructura | ||
| 650 | |a Forma (Estética) | ||
| 650 | |a Estética | ||
| 650 | |a Comunicación - |x Teoría | ||
| 650 | |a Arquitectura - |x Teoría | ||
| 650 | |a Arte - |x Teoría | ||
| 700 | |a Bartra, Agustí |e (traducción) | ||
| 910 | |a Fondo General | ||
| 920 | |a Impresos - Libros | ||
| 930 | |a Colección General | ||
| 905 | |a 101 | ||
| 901 | |a 0500132933 |b IT1 |c ACC |u 20250521 | ||
| 902 | |a https://opac.biblio.iteso.mx/vufind/Record/000189743 | ||